Welcome to the Holygrace Academy Library

Please use search bar below to get started

ART EDUCATION IN SCHOOLS (Record no. 5466)

MARC details
000 -LEADER
fixed length control field 00287nam a22001217a 4500
082 ## - DEWEY DECIMAL CLASSIFICATION NUMBER
Classification number 371.3078
Item number CBSE/A
100 ## - MAIN ENTRY--AUTHOR NAME
Personal name CENTRAL BOARD OF SECONDARY EDUCATION
245 ## - TITLE STATEMENT
Title ART EDUCATION IN SCHOOLS
260 ## - PUBLICATION, DISTRIBUTION, ETC. (IMPRINT)
Place of publication DELHI
Name of publisher CBSE
Year of publication 1989
300 ## - PHYSICAL DESCRIPTION
Number of Pages 90
650 ## - SUBJECT ADDED ENTRY--TOPICAL TERM
Topical Term EDUCATIONAL
Geographic subdivision INDIA
942 ## - ADDED ENTRY ELEMENTS (KOHA)
Koha item type Books
Holdings
Withdrawn status Lost status Collection code Home library Current library Shelving location Date acquired Source of acquisition Full call number Accession Number Koha item type
    Reference Main Library Main Library   11/02/2003 purchase 371.3078 CBSE/A 01155 Books